Spell the Marvel Hero #118 - Statistics

General Stats
  • This quiz has been taken 17 times
  • The average score is 9 of 13
Answer Stats
Picture Answer % Correct
Hulk
100%
Iron Man
100%
Rocket Raccoon
85%
War Machine
85%
Rogue
77%
Cable
69%
Namor the Sub-Mariner
69%
El Muerto
62%
Nightcrawler
62%
Auntie Ante
54%
Luna Snow
54%
Ghost Light
38%
Taegukgi
38%
No matching quizzes found
Score Distribution
Percent of People with Each Score
Percentile by Number Answered
Your Score History
You have not taken this quiz